Statistics for Ru Paul's Drag Race Contestants' Entrance Lines

Click here to take the quiz!

General Stats

  • This quiz has been taken 2,326 times
  • The average score is 8 of 14

Answer Stats

HintAnswer% Correct
Milk: she does a body goodMilk
94%
C'mon season 6, let's get sickening!Laganja Estranja
84%
Is this America's Next Top Model?Courtney Act
83%
Eat it!Latrice Royale
79%
Motha has arrived!Vivacious
75%
You know? I can hear you cuckling from down the streetJinkx Monsoon
57%
This is the best quinceañera present everSerena Cha Cha
51%
Loca! Loca! Loca! I love it!Nina Flowers
49%
La perra is in da houseYara Sofia
45%
You'd better widen the doorways and reinforce the runway, honeyDarienne Lake
38%
Life is like a paycheck: a generous figure is always niceMimi Imfurst
31%
See? This is how you do drag, girlsManila Luzon
29%
Hey, there's a new girl in town. Let's get to businessMilan
27%
Diva has arrived!Coco Montrese
13%

Score Distribution

Percentile by Number Answered

Percent of People with Each Score

Your Score History

You have not taken this quiz